000 00390 a2200145 4500
005 20250613151312.0
020 _a0-07-282125-6
082 _a519.6 SIE
100 _aSIEGEL, A.
245 _aPractical Business Statistics.
250 _a5th Ed.
260 _aNew York,
_bMc Graw Hill,
_c2003
300 _axxvi, 843p.; ill.; figure, table, picture
_bIndex & Glossary
_c28cm
942 _2ddc
_cBKS
999 _c4010
_d4010